| 000 | 00522nam a2200193Ia 4500 | ||
|---|---|---|---|
| 005 | 20230411085303.0 | ||
| 008 | 131103s9999 xx 000 0 und d | ||
| 040 | _aLoreto College | ||
| 041 | _aEnglish | ||
| 082 |
_a823.09 _bJOH |
||
| 100 | _aJohnson, Brimley | ||
| 245 |
_aSome contemporary novelists _cBrimley Johnson |
||
| 260 |
_aLondon _bLeonard Parsons _c1920 |
||
| 300 | _axxvii,220p. | ||
| 650 | _aEnglish literature - criticism | ||
| 651 | _aEnglish fiction - criticism | ||
| 850 | _aLCLIB | ||
| 942 | _cBK | ||
| 999 |
_c22306 _d72785 |
||